| 000 | 00865nam a2200229 a 4500 | ||
|---|---|---|---|
| 001 | 000010990 | ||
| 005 | 20250502073819.0 | ||
| 008 | 091013s1993 dr 000 p spa d | ||
| 040 |
_aDO-SdBNP _bspa _cBNPHU |
||
| 082 |
_aRD861.44 _bV337d |
||
| 100 | 1 |
_aVassallo, Margarita _926201 |
|
| 245 | 1 | 0 |
_aDos pasos detrás de la memoria / _cMargarita Vassallo ; introducción Rafael Valera Benítez. |
| 260 |
_aSanto Domingo : _bONAP, _c1993. |
||
| 300 |
_a76 p. ; _c21 cm. |
||
| 590 | _aPerteneció a la biblioteca personal de Juan Isidro Jimenes Grullón | ||
| 590 | _aInventariado, 2019/LP | ||
| 650 | 0 |
_aPoesía dominicana _966 |
|
| 650 | 0 |
_aLiteratura dominicana. _967 |
|
| 700 | 1 | 2 |
_aValera Benítez, Rafael, _eintrod. _924318 |
| 710 | 1 |
_aRepública Dominicana. _bOficina Nacional de Administración y Personal _926398 |
|
| 910 | _aValidado. Control de calidad MFF | ||
| 999 |
_c10728 _d10728 |
||